[Event "NAYCC U18"]
[Site "Kingston CAN"]
[Date "2019.08.17"]
[Round "4.180"]
[White "Wu, Rochelle"]
[Black "Doknjas, Joshua"]
[Result "0-1"]
[WhiteElo "2161"]
[BlackElo "2236"]
[PlyCount "98"]
[EventDate "2019.08.16"]
[EventType "swiss"]
[EventRounds "9"]
[EventCountry "CAN"]

1. d4 Nf6 2. c4 e6 3. Nc3 Bb4 4. Qc2 O-O 5. a3 Bxc3+ 6. Qxc3 d5 7. Bg5 c5 8.
cxd5 cxd4 9. Qxd4 Nc6 10. Qd2 exd5 11. Nf3 h6 12. Bxf6 Qxf6 13. Rd1 Bg4 14. Nd4
Rfe8 15. h3 Bh5 16. g4 Bg6 17. Bg2 Be4 18. Bxe4 Rxe4 19. Nxc6 bxc6 20. O-O Rae8
21. Rfe1 Qh4 22. Kg2 Rxg4+ 23. hxg4 Qxg4+ 24. Kf1 Qh3+ 25. Kg1 Re4 26. Qb4 Rxb4
27. axb4 Qg4+ 28. Kf1 Qxb4 29. Rc1 c5 30. Red1 d4 31. Rd3 g5 32. b3 Kg7 33. Rc4
Qb5 34. e3 dxe3 35. Rxe3 h5 36. Kg1 f6 37. Rec3 Kg6 38. Rxc5 Qd7 39. Rc6 h4 40.
Kh2 Qd5 41. R6c4 Qf5 42. Kg2 Kh5 43. Rc8 Qe4+ 44. Kh2 Qe5+ 45. Kg2 f5 46. Re3
Qd5+ 47. Kh2 g4 48. Rc4 h3 49. Rg3 Qd2 0-1

[Event "NAYCC U18"]
[Site "Kingston CAN"]
[Date "2019.08.17"]
[Round "4.181"]
[White "Zhang, Yuanchen"]
[Black "Shen, Christopher"]
[Result "1-0"]
[WhiteElo "2305"]
[BlackElo "2325"]
[PlyCount "71"]
[EventDate "2019.08.16"]
[EventType "swiss"]
[EventRounds "9"]
[EventCountry "CAN"]

1. d4 Nf6 2. c4 g6 3. Nc3 d5 4. Nf3 Bg7 5. Qb3 dxc4 6. Qxc4 O-O 7. e4 Bg4 8.
Be3 Nfd7 9. Rd1 Nb6 10. Qc5 N8d7 11. Qg5 Bxf3 12. gxf3 e5 13. Qxd8 Rfxd8 14. d5
a6 15. Bd3 Bf8 16. Ke2 Bd6 17. Rc1 Kf8 18. Rc2 Ke7 19. Rhc1 Rac8 20. a4 Nc5 21.
a5 Nxd3 22. Kxd3 Nd7 23. Na4 Rb8 24. Ke2 Rf8 25. b3 f5 26. Nb2 Nf6 27. Nc4 fxe4
28. fxe4 Nxe4 29. Nxd6 cxd6 30. Rc7+ Kf6 31. h4 Kf5 32. Bh6 Nc5 33. Bxf8 Rxf8
34. Rc3 Ke4 35. b4 Kd4 36. Ra3 1-0

[Event "NAYCC U18"]
[Site "Kingston CAN"]
[Date "2019.08.17"]
[Round "4.182"]
[White "Chasin, Nico"]
[Black "Hua, Eugene"]
[Result "0-1"]
[WhiteElo "2178"]
[BlackElo "2301"]
[PlyCount "100"]
[EventDate "2019.08.16"]
[EventType "swiss"]
[EventRounds "9"]
[EventCountry "CAN"]

1. e4 c5 2. Nf3 d6 3. d4 Nf6 4. Nc3 cxd4 5. Nxd4 Nc6 6. Be2 e5 7. Nb3 Be7 8. g4
h6 9. Be3 Be6 10. Rg1 d5 11. exd5 Nxd5 12. Nxd5 Qxd5 13. Qxd5 Bxd5 14. O-O-O
O-O-O 15. c3 Bg5 16. Rd2 b6 17. Rgd1 Be6 18. Rxd8+ Rxd8 19. Rxd8+ Kxd8 20.
Bxg5+ hxg5 21. Nd2 f6 22. f3 Kc7 23. Bc4 Bc8 24. Kc2 Ne7 25. Bf7 Ba6 26. a4 Be2
27. b4 e4 28. fxe4 Bxg4 29. b5 Nc8 30. c4 Kd6 31. Kc3 Bd1 32. Kb4 Ke5 33. a5
Kd4 34. Bd5 g6 35. e5 Kxe5 36. a6 Kd4 37. Ne4 f5 38. Nxg5 f4 39. Bb7 Nd6 40.
Ne6+ Ke3 41. Nf8 g5 42. Nd7 f3 43. Nxb6 f2 44. Bg2 axb6 45. a7 Bf3 46. Bf1 Nc8
47. c5 bxc5+ 48. Kxc5 Nxa7 49. b6 Nc8 50. Kb5 Nxb6 0-1

[Event "NAYCC U18"]
[Site "Kingston CAN"]
[Date "2019.08.17"]
[Round "4.183"]
[White "Chen, Richard"]
[Black "Samadashvili, Martha"]
[Result "1-0"]
[WhiteElo "2291"]
[BlackElo "2086"]
[PlyCount "109"]
[EventDate "2019.08.16"]
[EventType "swiss"]
[EventRounds "9"]
[EventCountry "CAN"]

1. e4 c5 2. Nf3 e6 3. d4 cxd4 4. Nxd4 Nc6 5. Nc3 Qc7 6. Be3 a6 7. Qf3 Bd6 8.
O-O-O Be5 9. g3 Nge7 10. Qe2 b5 11. Qd2 Bb7 12. Bg2 Nxd4 13. Bxd4 Nc6 14. Bxe5
Nxe5 15. Qd4 f6 16. f4 Nc4 17. Rhe1 Rc8 18. Re2 b4 19. Na4 Bc6 20. Qxc4 Bxa4
21. Qxc7 Rxc7 22. Rd4 a5 23. e5 fxe5 24. fxe5 Ke7 25. Rf4 Rc5 26. b3 Bb5 27.
Ref2 g6 28. Rf7+ Kd8 29. Kb2 Rxe5 30. c4 bxc3+ 31. Kxc3 Kc7 32. Kd4 Re1 33. Kc5
Re5+ 34. Kd4 Re1 35. Kc5 Ba6 36. Rd2 Rc1+ 37. Kd4 Bb5 38. Ke5 Rc5+ 39. Kf6 Rg8
40. Be4 Kd8 41. Rxh7 Bc6 42. Kf7 Re8 43. Bxc6 Rxc6 44. Kxg6 d5 45. Ra7 Rc5 46.
Kf7 Rc8 47. h4 Rc3 48. Rf2 Rc8 49. h5 d4 50. h6 e5 51. Rf6 Rc7+ 52. Rxc7 e4 53.
Rc8+ Kxc8 54. Kxe8 d3 55. Rd6 1-0

[Event "NAYCC U18"]
[Site "Kingston CAN"]
[Date "2019.08.17"]
[Round "4.184"]
[White "Wang, Jake"]
[Black "Wang, Wesley"]
[Result "0-1"]
[WhiteElo "2116"]
[BlackElo "2269"]
[PlyCount "72"]
[EventDate "2019.08.16"]
[EventType "swiss"]
[EventRounds "9"]
[EventCountry "CAN"]

1. d4 Nf6 2. Nf3 e6 3. c4 c5 4. d5 exd5 5. cxd5 d6 6. Nc3 g6 7. Nd2 Bg7 8. e4
O-O 9. Be2 a6 10. a4 Re8 11. O-O Nbd7 12. Qc2 Nh5 13. Bxh5 gxh5 14. Ra3 Rb8 15.
a5 b5 16. axb6 Nxb6 17. Qd3 Nd7 18. Nc4 Ne5 19. Nxe5 Bxe5 20. Kh1 Rb4 21. Re1
Qh4 22. g3 Qh3 23. Ne2 f5 24. Ng1 Qg4 25. f3 Qg6 26. exf5 Bxf5 27. Qxa6 Qf7 28.
Rxe5 dxe5 29. Qc6 Rbb8 30. Re3 Rbc8 31. Qd6 Rcd8 32. Qxc5 Rc8 33. Qd6 Rxc1 34.
Rxe5 Rf8 35. Qh6 Rd1 36. d6 Bg6 0-1

[Event "NAYCC U18"]
[Site "Kingston CAN"]
[Date "2019.08.17"]
[Round "4.185"]
[White "Huang, Andy"]
[Black "Eidelman, Gabriel"]
[Result "1-0"]
[WhiteElo "2263"]
[BlackElo "2133"]
[PlyCount "91"]
[EventDate "2019.08.16"]
[EventType "swiss"]
[EventRounds "9"]
[EventCountry "CAN"]

1. e4 c5 2. Nf3 d6 3. Bb5+ Nd7 4. Ba4 a6 5. c4 Ngf6 6. Nc3 e5 7. d3 Be7 8. O-O
O-O 9. h3 h6 10. a3 Nb6 11. Bc2 a5 12. Nh2 Nh7 13. f4 exf4 14. Bxf4 Ng5 15. Nb5
Ne6 16. Bg3 Nc7 17. Nxc7 Qxc7 18. Kh1 Nd7 19. Ng4 Ne5 20. Ne3 Be6 21. Ba4 Bg5
22. Nf5 g6 23. h4 Bxf5 24. exf5 Bf6 25. Qe2 Kg7 26. Rae1 h5 27. Qe4 Rab8 28.
Qd5 Qd8 29. Re4 Qb6 30. Ref4 Ng4 31. fxg6 fxg6 32. Qe6 Qc7 33. Bd7 Rf7 34. Rxg4
hxg4 35. Be8 Rf8 36. Bd7 Rbd8 37. Bxd6 Qxd7 38. Bxf8+ Kxf8 39. Rxf6+ Kg7 40.
Rxg6+ Kh7 41. Rh6+ Kg7 42. Qg6+ Kf8 43. Rh8+ Ke7 44. Rh7+ Kf8 45. Qf6+ Kg8 46.
Rh8# 1-0

[Event "NAYCC U18"]
[Site "Kingston CAN"]
[Date "2019.08.17"]
[Round "4.186"]
[White "Li, Max"]
[Black "Costello, Alexander"]
[Result "0-1"]
[WhiteElo "2113"]
[BlackElo "2256"]
[PlyCount "66"]
[EventDate "2019.08.16"]
[EventType "swiss"]
[EventRounds "9"]
[EventCountry "CAN"]

1. e4 e5 2. Nc3 Nf6 3. f4 d5 4. fxe5 Nxe4 5. Qf3 f5 6. d3 Nxc3 7. bxc3 d4 8.
Ne2 Nc6 9. Bb2 Nxe5 10. Qf4 Bd6 11. Qxd4 c5 12. Qg1 Qh4+ 13. g3 Nf3+ 14. Kf2
Qg4 15. Qg2 Bd7 16. h3 Qg5 17. Bc1 Qe7 18. h4 Bc6 19. Qh3 Ne5 20. Bg2 Ng4+ 21.
Kf1 O-O 22. Bg5 Qe6 23. Bxc6 bxc6 24. Qg2 f4 25. Qe4 fxg3+ 26. Ke1 Qxe4 27.
dxe4 Nf2 28. Rg1 Nxe4 29. Rd1 Rae8 30. Rg2 Nxc3 31. Rxd6 Nxe2 32. Rd7 Nf4+ 33.
Kf1 Nd5+ 0-1

[Event "NAYCC U18"]
[Site "Kingston CAN"]
[Date "2019.08.17"]
[Round "4.188"]
[White "Ravuri, Vinesh"]
[Black "Zhang, Henry"]
[Result "0-1"]
[WhiteElo "2192"]
[BlackElo "2151"]
[PlyCount "72"]
[EventDate "2019.08.16"]
[EventType "swiss"]
[EventRounds "9"]
[EventCountry "CAN"]

1. b3 e5 2. Bb2 Nc6 3. Nf3 e4 4. Nd4 Nxd4 5. Bxd4 d5 6. e3 Ne7 7. Be2 Nc6 8.
Bb2 Be6 9. O-O Qd7 10. f4 f5 11. d4 O-O-O 12. c4 g5 13. fxg5 h6 14. g6 Rg8 15.
Bh5 Ne7 16. cxd5 Nxd5 17. Qe2 Qe7 18. Nc3 Qg5 19. Nxd5 Rxd5 20. Rf4 Bd6 21.
Raf1 Bxf4 22. Rxf4 Bd7 23. h4 Qe7 24. Bc3 Be8 25. Qf2 Bxg6 26. Bxg6 Rxg6 27.
Rxf5 Rxf5 28. Qxf5+ Qe6 29. Qf8+ Kd7 30. Bb4 b6 31. d5 Qf6 32. Qa8 Qa1+ 33. Kf2
Qb2+ 34. Ke1 Qc1+ 35. Kf2 Qc2+ 36. Ke1 Rxg2 0-1

[Event "NAYCC U18"]
[Site "Kingston CAN"]
[Date "2019.08.17"]
[Round "4.189"]
[White "Xu, Jeffrey"]
[Black "Huang, Qiuyu"]
[Result "1-0"]
[WhiteElo "2067"]
[BlackElo "2020"]
[PlyCount "95"]
[EventDate "2019.08.16"]
[EventType "swiss"]
[EventRounds "9"]
[EventCountry "CAN"]

1. b3 d5 2. Bb2 Bg4 3. h3 Bh5 4. Qc1 e6 5. e3 Nd7 6. Be2 Bxe2 7. Nxe2 Ngf6 8.
O-O c5 9. d3 Qc7 10. c4 O-O-O 11. cxd5 Nxd5 12. Nbc3 N7f6 13. Nxd5 Nxd5 14. Qc4
Nb6 15. Qc2 Kb8 16. Rac1 Rc8 17. b4 f6 18. Qb3 Qd7 19. bxc5 Bxc5 20. Rfd1 Qd5
21. Nf4 Qxb3 22. axb3 Rhe8 23. Kf1 e5 24. Nh5 Bf8 25. g4 Rxc1 26. Rxc1 Rd8 27.
Ke2 Rd5 28. f4 Rb5 29. fxe5 fxe5 30. Rf1 Nd7 31. Kd2 Kc8 32. Rf7 Rxb3 33. Kc2
Rb6 34. Bxe5 Nxe5 35. Rxf8+ Kd7 36. Nxg7 Rc6+ 37. Kd2 b5 38. Rb8 a6 39. Nf5 Kc7
40. Rh8 b4 41. Rxh7+ Kb6 42. Nd4 Nf3+ 43. Nxf3 b3 44. Rh8 Kc7 45. Rh7+ Kb6 46.
Rh8 Kc7 47. Nd4 b2 48. Rb8 1-0

[Event "NAYCC U18"]
[Site "Kingston CAN"]
[Date "2019.08.17"]
[Round "4.190"]
[White "Quiroga, Angel"]
[Black "Beardall, Ben"]
[Result "1-0"]
[WhiteElo "2053"]
[BlackElo "918"]
[PlyCount "65"]
[EventDate "2019.08.16"]
[EventType "swiss"]
[EventRounds "9"]
[EventCountry "CAN"]

1. Nf3 Nf6 2. b3 e6 3. Bb2 d5 4. d4 c5 5. e3 Nc6 6. Nbd2 Be7 7. Bd3 O-O 8. a3
Re8 9. O-O a6 10. Ne5 Qc7 11. f4 b5 12. Nxc6 Qxc6 13. dxc5 Qxc5 14. Bd4 Qc6 15.
Qf3 Bb7 16. Qg3 Bc8 17. Nf3 g6 18. Ne5 Nh5 19. Nxc6 Nxg3 20. Nxe7+ Rxe7 21.
hxg3 Bb7 22. Kf2 h5 23. Bf6 Rc7 24. g4 Kf8 25. gxh5 gxh5 26. Rh1 Ke8 27. Rxh5
Kd7 28. Be5 Rcc8 29. Rh7 Ke7 30. g4 Rg8 31. g5 Ke8 32. g6 d4 33. gxf7+ 1-0

[Event "NAYCC U18"]
[Site "Kingston CAN"]
[Date "2019.08.17"]
[Round "4.191"]
[White "De Costa, Alex"]
[Black "Wu, Derek"]
[Result "0-1"]
[WhiteElo "1797"]
[BlackElo "2032"]
[PlyCount "44"]
[EventDate "2019.08.16"]
[EventType "swiss"]
[EventRounds "9"]
[EventCountry "CAN"]

1. e4 c5 2. Nf3 d6 3. Bb5+ Nd7 4. d4 cxd4 5. Qxd4 a6 6. Bxd7+ Bxd7 7. c4 Rc8 8.
Nc3 Qc7 9. b3 e6 10. Bb2 Nf6 11. O-O Be7 12. Rac1 O-O 13. Rfd1 Rfd8 14. Nd2 Qa5
15. a3 Qh5 16. Nf1 Qg6 17. b4 Ng4 18. Ne3 Ne5 19. Kh1 Bf6 20. Qd2 Bg5 21. Qxd6
Bxe3 22. fxe3 Nxc4 0-1

[Event "NAYCC U18"]
[Site "Kingston CAN"]
[Date "2019.08.17"]
[Round "4.193"]
[White "Gonzalez, Pedro"]
[Black "Leong, Ryan"]
[Result "0-1"]
[WhiteElo "1632"]
[BlackElo "1926"]
[PlyCount "73"]
[EventDate "2019.08.16"]
[EventType "swiss"]
[EventRounds "9"]
[EventCountry "CAN"]

1. Nf3 Nf6 2. d3 g6 3. e4 d6 4. Nbd2 Bg7 5. g3 Nc6 6. Bg2 O-O 7. O-O e5 8. a4
Nh5 9. Nc4 Be6 10. b3 h6 11. Ne1 Qd7 12. Ne3 Nf4 13. Bb2 Nxg2 14. N1xg2 Rae8
15. f4 f5 16. fxe5 dxe5 17. Nh4 Kh7 18. Nxg6 Kxg6 19. exf5+ Rxf5 20. Nxf5 Bxf5
21. Qf3 e4 22. Qxf5+ Qxf5 23. Rxf5 Bxb2 24. Raf1 e3 25. R5f4 e2 26. Re1 Bc3 27.
Kf2 Bxe1+ 28. Kxe1 a5 29. Re4 Rxe4 30. dxe4 Nd4 31. Kd2 Kf6 32. h4 Ke5 33. g4
Kxe4 34. c3 Nxb3+ 35. Kxe2 Kf4 36. g5 hxg5 37. hxg5 0-1

[Event "NAYCC U18"]
[Site "Kingston CAN"]
[Date "2019.08.17"]
[Round "4.194"]
[White "Sands, Malik"]
[Black "Wang, George"]
[Result "0-1"]
[WhiteElo "1307"]
[BlackElo "1887"]
[PlyCount "96"]
[EventDate "2019.08.16"]
[EventType "swiss"]
[EventRounds "9"]
[EventCountry "CAN"]

1. d4 d5 2. c4 c6 3. Nc3 Nf6 4. Nf3 dxc4 5. e4 b5 6. Be2 b4 7. e5 Nd5 8. Nxd5
Qxd5 9. O-O e6 10. Qa4 Nd7 11. b3 Nb6 12. bxc4 Nxa4 13. cxd5 Nc3 14. Bd3 Nxd5
15. Bd2 Be7 16. Rab1 O-O 17. Be4 a5 18. Rfc1 Bd7 19. Ne1 Rfb8 20. Nd3 Rb5 21.
Nc5 Bxc5 22. Rxc5 Rxc5 23. dxc5 Bc8 24. a3 Ba6 25. axb4 a4 26. Bc2 Bc4 27. f3
f5 28. Rc1 a3 29. Bxf5 exf5 30. Rxc4 a2 31. Rc1 a1=Q 32. Rxa1 Rxa1+ 33. Kf2 Kf7
34. h4 Ra2 35. Ke1 Rxd2 36. Kxd2 Nxb4 37. Ke3 Nd5+ 38. Kd4 f4 39. Ke4 Ke6 40.
h5 g6 41. hxg6 hxg6 42. Kd4 Nc7 43. Ke4 g5 44. Kd4 Na6 45. Ke4 Nxc5+ 46. Kd4
Nd7 47. Ke4 Nxe5 48. Kd4 Ng6 0-1

[Event "NAYCC U18"]
[Site "Kingston CAN"]
[Date "2019.08.17"]
[Round "4.195"]
[White "Rama, Vikas"]
[Black "Merrigan, Daley"]
[Result "1/2-1/2"]
[WhiteElo "1534"]
[BlackElo "1917"]
[PlyCount "184"]
[EventDate "2019.08.16"]
[EventType "swiss"]
[EventRounds "9"]
[EventCountry "CAN"]

1. Nf3 Nf6 2. c4 e6 3. g3 Be7 4. Bg2 O-O 5. O-O d5 6. Qc2 b6 7. d4 Nbd7 8. Nbd2
Bb7 9. Re1 c5 10. e3 Rc8 11. b3 dxc4 12. bxc4 cxd4 13. exd4 b5 14. c5 Nb8 15.
Bb2 Nc6 16. Qb3 a6 17. a4 b4 18. Nc4 Nd5 19. Nfe5 Na5 20. Nxa5 Qxa5 21. Rac1
Ba8 22. Rc2 Qc7 23. Rec1 Bf6 24. Nc4 Bc6 25. a5 Qd7 26. Nb6 Nxb6 27. Bxc6 Rxc6
28. axb6 a5 29. Qa4 Rb8 30. Rc4 h5 31. Qxa5 h4 32. Qxb4 h3 33. f3 Bg5 34. f4
Qd5 35. R4c2 Be7 36. Qc4 Qd7 37. Qf1 Bf6 38. Qxh3 Bxd4+ 39. Bxd4 Qxd4+ 40. Kh1
Rbxb6 41. Qg2 Ra6 42. Qf2 Qxf2 43. Rxf2 Ra8 44. Kg2 g6 45. Rd2 Rac8 46. Rdc2
Kf8 47. Kf3 Ke7 48. Ke4 Rb8 49. Rc4 Rbc8 50. R1c2 R8c7 51. g4 Rb7 52. f5 Rb1
53. fxg6 fxg6 54. Kf4 Kf6 55. g5+ Ke7 56. h4 Rb8 57. Ra4 Rbc8 58. Ra7+ Kf8 59.
Ke5 Rxc5+ 60. Rxc5 Rxc5+ 61. Kf6 Rc8 62. Kxg6 Re8 63. Rf7+ Kg8 64. Rf4 e5 65.
Re4 Rb8 66. Rxe5 Rb6+ 67. Kf5 Kg7 68. Re7+ Kf8 69. Re6 Rb8 70. Kg6 Kg8 71. h5
Ra8 72. h6 Rb8 73. h7+ Kh8 74. Kf7 Rb7+ 75. Re7 Rb6 76. Re6 Rb7+ 77. Kg6 Rg7+
78. Kf6 Kxh7 79. Re2 Rg6+ 80. Kf7 Rg7+ 81. Kf6 Rg6+ 82. Kf5 Ra6 83. Re7+ Kg8
84. g6 Ra5+ 85. Kf6 Ra6+ 86. Kg5 Ra5+ 87. Kh6 Ra8 88. Re6 Rb8 89. Rc6 Ra8 90.
g7 Rb8 91. Kg6 Ra8 92. Kf6 Rb8 1/2-1/2

[Event "NAYCC U18"]
[Site "Kingston CAN"]
[Date "2019.08.17"]
[Round "4.196"]
[White "Zhao, Harry"]
[Black "Ju, Terrence"]
[Result "1-0"]
[WhiteElo "1950"]
[BlackElo "1719"]
[PlyCount "102"]
[EventDate "2019.08.16"]
[EventType "swiss"]
[EventRounds "9"]
[EventCountry "CAN"]

1. d4 d5 2. c4 e6 3. Nf3 Nf6 4. Nc3 a6 5. Bg5 c6 6. cxd5 exd5 7. Qc2 Bd6 8. e3
O-O 9. Bd3 h6 10. Bh4 Nbd7 11. O-O Qc7 12. Rab1 c5 13. dxc5 Qxc5 14. Rfd1 b5
15. Bxf6 Nxf6 16. Nxd5 Nxd5 17. Bh7+ Kh8 18. Qxc5 Bxc5 19. Be4 Nxe3 20. Rdc1
Nc4 21. Bxa8 Bf5 22. Bb7 Bxb1 23. Rxb1 Rd8 24. Bxa6 Nxb2 25. Bxb5 Rd1+ 26. Rxd1
Nxd1 27. Bc4 f6 28. a4 Bxf2+ 29. Kf1 Bb6 30. Ba2 Ne3+ 31. Kf2 Nc2+ 32. Ke2 Nd4+
33. Nxd4 Bxd4 34. a5 g5 35. Kd3 Bf2 36. g4 h5 37. h3 f5 38. gxf5 g4 39. Ke2 Ba7
40. h4 Kg7 41. Be6 Kf6 42. Kf1 Ke7 43. Kg2 Kf6 44. Kg3 Bb8+ 45. Kg2 Ba7 46. a6
Ke7 47. Bg8 Kf6 48. Bh7 Ke5 49. Bg6 Kf4 50. f6 Ke5 51. f7 Bc5 1-0

[Event "NAYCC U18"]
[Site "Kingston CAN"]
[Date "2019.08.18"]
[Round "5.179"]
[White "Ouellet, Maili-Jade"]
[Black "Doknjas, Joshua"]
[Result "1/2-1/2"]
[WhiteElo "2211"]
[BlackElo "2236"]
[PlyCount "82"]
[EventDate "2019.08.16"]
[EventType "swiss"]
[EventRounds "9"]
[EventCountry "CAN"]

1. d4 Nf6 2. c4 e6 3. Nc3 Bb4 4. e3 O-O 5. Bd3 d5 6. Nf3 dxc4 7. Bxc4 c5 8. O-O
cxd4 9. exd4 b6 10. Qe2 Bb7 11. Rd1 h6 12. Bf4 Bxc3 13. bxc3 Nd5 14. Bd2 Qc7
15. Rac1 Nf4 16. Bxf4 Qxf4 17. Ne5 Nc6 18. Nxc6 Bxc6 19. Qe3 Qd6 20. Bb3 b5 21.
c4 bxc4 22. Rxc4 Bd5 23. Rc5 Bxb3 24. axb3 Rac8 25. Rdc1 Rcd8 26. R1c4 Rd7 27.
h3 Rfd8 28. g3 Qa6 29. Ra4 Qb6 30. Qc3 Qb7 31. Qe3 Rd6 32. Kh2 Rb6 33. Qf4 Rd7
34. Rac4 Rxb3 35. Rc8+ Kh7 36. R8c7 Rxc7 37. Rxc7 Qf3 38. Qxf7 Qxf7 39. Rxf7 a5
40. Ra7 Ra3 41. Ra6 Ra4 1/2-1/2

[Event "NAYCC U18"]
[Site "Kingston CAN"]
[Date "2019.08.18"]
[Round "5.180"]
[White "Hua, Eugene"]
[Black "Zhang, Yuanchen"]
[Result "1-0"]
[WhiteElo "2301"]
[BlackElo "2305"]
[PlyCount "85"]
[EventDate "2019.08.16"]
[EventType "swiss"]
[EventRounds "9"]
[EventCountry "CAN"]

1. d4 Nf6 2. Bf4 d5 3. Nf3 c5 4. e3 Nc6 5. c3 e6 6. Nbd2 Bd6 7. Bg3 O-O 8. Bd3
b6 9. Qe2 Bb7 10. Rd1 c4 11. Bc2 Ne7 12. Bxd6 Qxd6 13. Ne5 b5 14. a3 a5 15. e4
Nxe4 16. Nxe4 dxe4 17. Bxe4 Bxe4 18. Qxe4 Qd5 19. Qg4 b4 20. O-O f6 21. Nf3
bxc3 22. bxc3 Rab8 23. Rfe1 Nf5 24. Nd2 Rb2 25. Ne4 Ra2 26. Rb1 Rxa3 27. Rb8
Kf7 28. Qh5+ Kg8 29. Qg4 Kf7 30. Qh5+ Kg8 31. Rxf8+ Kxf8 32. Nc5 Rxc3 33. g4
Nxd4 34. Nxe6+ Qxe6 35. Qc5+ Kf7 36. Qc7+ Ke8 37. Rxe6+ Nxe6 38. Qxa5 Rc1+ 39.
Kg2 c3 40. Qa8+ Kf7 41. Qb7+ Kf8 42. Qa8+ Kf7 43. Qa7+ 1-0

[Event "NAYCC U18"]
[Site "Kingston CAN"]
[Date "2019.08.18"]
[Round "5.181"]
[White "Huang, Andy"]
[Black "Yip, Carissa"]
[Result "0-1"]
[WhiteElo "2263"]
[BlackElo "2300"]
[PlyCount "66"]
[EventDate "2019.08.16"]
[EventType "swiss"]
[EventRounds "9"]
[EventCountry "CAN"]

1. e4 g6 2. d4 Bg7 3. Nc3 d6 4. Be3 a6 5. Qd2 b5 6. O-O-O Nd7 7. h4 Ngf6 8. f3
Nb6 9. Bd3 h6 10. Kb1 c6 11. Nh3 Qc7 12. Qf2 Rb8 13. g4 Nc4 14. Bc1 Qb6 15. Ne2
a5 16. Qg3 c5 17. e5 Nd5 18. exd6 Nxd6 19. Nhf4 Nb4 20. Rhe1 O-O 21. d5 Nxd3
22. Nxd3 Bb7 23. Ne5 Rbd8 24. Nf4 Nc4 25. Nxc4 bxc4 26. Ka1 c3 27. b3 a4 28.
bxa4 Qb4 29. Re4 c4 30. Qf2 Ra8 31. Nd3 Qxa4 32. a3 Rfb8 33. Nc5 Qb5 0-1

[Event "NAYCC U18"]
[Site "Kingston CAN"]
[Date "2019.08.18"]
[Round "5.182"]
[White "Costello, Alexander"]
[Black "Chen, Richard"]
[Result "1-0"]
[WhiteElo "2256"]
[BlackElo "2291"]
[PlyCount "89"]
[EventDate "2019.08.16"]
[EventType "swiss"]
[EventRounds "9"]
[EventCountry "CAN"]

1. e4 c5 2. Nf3 e6 3. d4 cxd4 4. Nxd4 Nc6 5. Nc3 Qc7 6. Be3 a6 7. Qf3 Bd6 8.
O-O-O Be5 9. Nxc6 bxc6 10. Bd4 Bxd4 11. Rxd4 Nf6 12. Qg3 Qxg3 13. hxg3 d5 14.
Ra4 Ke7 15. exd5 exd5 16. f3 h6 17. Ra5 Kd6 18. Na4 Nd7 19. c4 Re8 20. Kd2 Rb8
21. b3 Re5 22. f4 Re7 23. cxd5 cxd5 24. Bd3 Bb7 25. Rc1 Ra8 26. b4 d4 27. Rc4
Bxg2 28. Rxd4+ Kc7 29. Rxa6 Rxa6 30. Bxa6 Nf6 31. Nc3 g5 32. Nb5+ Kb6 33. Rd6+
Bc6 34. Rxf6 Rd7+ 35. Kc3 Kxa6 36. Nd4 Kb7 37. Nxc6 gxf4 38. gxf4 Rc7 39. Rxh6
f5 40. b5 Rd7 41. Na5+ Kb8 42. b6 Rd8 43. Rh7 Rc8+ 44. Kb4 Rc1 45. Rh8+ 1-0

[Event "NAYCC U18"]
[Site "Kingston CAN"]
[Date "2019.08.18"]
[Round "5.182"]
[White "Wang, Wesley"]
[Black "Wu, Rochelle"]
[Result "1-0"]
[WhiteElo "2269"]
[BlackElo "2161"]
[PlyCount "107"]
[EventDate "2019.08.16"]
[EventType "swiss"]
[EventRounds "9"]
[EventCountry "CAN"]

1. e4 c5 2. Nf3 d6 3. Bb5+ Nd7 4. Ba4 Ngf6 5. O-O a6 6. c4 g6 7. Nc3 Bg7 8. d3
O-O 9. Bg5 Rb8 10. a3 Qa5 11. Bd2 Qc7 12. b4 Ne5 13. Nxe5 dxe5 14. bxc5 Qxc5
15. Be3 Qa5 16. Qb3 b6 17. Rab1 Be6 18. Qb4 Qxb4 19. Rxb4 Rfd8 20. Rd1 b5 21.
cxb5 axb5 22. Nxb5 Ra8 23. Na7 Bd7 24. Bxd7 Rxd7 25. Nc6 Ne8 26. a4 Rc7 27. Rc1
Ra6 28. Bb6 Rb7 29. a5 Nd6 30. Rbb1 f5 31. f3 Bh6 32. Rd1 Nc8 33. Nb4 Ra8 34.
Nd5 e6 35. Nc7 Rab8 36. Na6 Ra8 37. Nc7 Rab8 38. Na6 Ra8 39. Nc5 Be3+ 40. Kf1
Bxc5 41. Bxc5 Rxb1 42. Rxb1 Rxa5 43. Be3 f4 44. Rb8 Ra1+ 45. Ke2 Ra2+ 46. Bd2
Rc2 47. d4 g5 48. Kd3 Rc7 49. Ba5 Rc6 50. d5 exd5 51. exd5 Rc5 52. Bb6 Rc1 53.
Kd2 Rc4 54. d6 1-0

[Event "NAYCC U18"]
[Site "Kingston CAN"]
[Date "2019.08.18"]
[Round "5.184"]
[White "Zhang, Henry"]
[Black "Li, William"]
[Result "0-1"]
[WhiteElo "2151"]
[BlackElo "2135"]
[PlyCount "96"]
[EventDate "2019.08.16"]
[EventType "swiss"]
[EventRounds "9"]
[EventCountry "CAN"]

1. e4 c5 2. Nf3 e6 3. d4 cxd4 4. Nxd4 Nf6 5. Nc3 Nc6 6. Ndb5 d6 7. Bf4 e5 8.
Bg5 a6 9. Na3 b5 10. Nd5 Be7 11. Bxf6 Bxf6 12. c4 b4 13. Nc2 O-O 14. g3 Bg5 15.
Bg2 a5 16. O-O Ne7 17. Nce3 Bxe3 18. Nxe3 Qb6 19. Qd3 Rd8 20. Kh1 Bb7 21. f4
Rac8 22. b3 a4 23. a3 Qd4 24. Rfd1 Qxd3 25. Rxd3 exf4 26. gxf4 Ng6 27. axb4
Nxf4 28. Rd4 axb3 29. Rb1 Re8 30. Rxb3 Nxg2 31. Kxg2 Rxe4 32. Rxe4 Bxe4+ 33.
Kg3 f5 34. Kf4 g6 35. Rc3 Kf7 36. h4 Kf6 37. c5 dxc5 38. bxc5 Ke6 39. Rc1 h6
40. Rg1 Kf6 41. Ng4+ fxg4 42. Kxe4 Rxc5 43. Rf1+ Rf5 44. Rg1 h5 45. Ra1 Rf3 46.
Ra6+ Kg7 47. Rb6 Kh6 48. Ra6 Rh3 0-1

[Event "NAYCC U18"]
[Site "Kingston CAN"]
[Date "2019.08.18"]
[Round "5.185"]
[White "Shen, Christopher"]
[Black "Quiroga, Angel"]
[Result "1/2-1/2"]
[WhiteElo "2325"]
[BlackElo "2053"]
[PlyCount "111"]
[EventDate "2019.08.16"]
[EventType "swiss"]
[EventRounds "9"]
[EventCountry "CAN"]

1. c4 e5 2. g3 Nc6 3. Bg2 g6 4. Nc3 Bg7 5. d3 d6 6. e4 Nge7 7. Nge2 O-O 8. O-O
h6 9. Nd5 Nxd5 10. cxd5 Ne7 11. Be3 f5 12. Qb3 g5 13. f4 gxf4 14. gxf4 Ng6 15.
fxe5 Nxe5 16. h3 Ng6 17. Nf4 Qg5 18. Nxg6 Qxe3+ 19. Kh1 Rf7 20. Rae1 Qg5 21.
exf5 Bxf5 22. Qxb7 Rd8 23. Rxf5 Qxf5 24. Ne7+ Rxe7 25. Rxe7 Be5 26. Qb4 Qxd3
27. Qe1 Rf8 28. Rxc7 Rf3 29. Qg1 Bd4 30. Bf1+ Bxg1 31. Bxd3 Bd4 32. Be4 Rxh3+
33. Kg2 Rh5 34. Rd7 Rg5+ 35. Kf3 Be5 36. Rxa7 Bxb2 37. a4 h5 38. a5 h4 39. Rb7
Bd4 40. a6 Rg3+ 41. Kf4 Ra3 42. Rh7 Rxa6 43. Rxh4 Be5+ 44. Kf5 Ra7 45. Rh1 Re7
46. Rg1+ Rg7 47. Rb1 Re7 48. Kg6 Rg7+ 49. Kh5 Rg3 50. Bf5 Kg7 51. Be6 Bd4 52.
Rf1 Bf6 53. Bg4 Rg2 54. Rf3 Be5 55. Be6 Bf6 56. Bg4 1/2-1/2

[Event "NAYCC U18"]
[Site "Kingston CAN"]
[Date "2019.08.18"]
[Round "5.186"]
[White "Leong, Ryan"]
[Black "Chasin, Nico"]
[Result "0-1"]
[WhiteElo "1926"]
[BlackElo "2178"]
[PlyCount "140"]
[EventDate "2019.08.16"]
[EventType "swiss"]
[EventRounds "9"]
[EventCountry "CAN"]

1. e4 c5 2. Nf3 e6 3. g3 Nc6 4. Bg2 g6 5. O-O Bg7 6. c3 Nf6 7. Re1 d5 8. exd5
Nxd5 9. d4 cxd4 10. Bg5 Qb6 11. Nxd4 Nxd4 12. Bxd5 O-O 13. Bb3 Nxb3 14. axb3
Qc6 15. Nd2 h6 16. Be3 b5 17. Qf3 Qxf3 18. Nxf3 Bb7 19. Nd4 a6 20. b4 Bd5 21.
Ra3 e5 22. Nb3 f5 23. Nc5 f4 24. Bd2 Rf5 25. Rxa6 Raf8 26. gxf4 exf4 27. Rxg6
Kh7 28. Rg4 h5 29. Rxg7+ Kxg7 30. Ne6+ Bxe6 31. Rxe6 Rd5 32. Be1 Kf7 33. Re4
Re8 34. Rxe8 Kxe8 35. f3 Rd1 36. Kf2 Rb1 37. Bd2 Rxb2 38. Ke1 Kd7 39. Bxf4 Ke6
40. Bd2 h4 41. Ke2 h3 42. Kd3 Kf5 43. Ke2 Ra2 44. Kd3 Ra8 45. Be1 Rg8 46. Kd4
Rg2 47. Kc5 Rxh2 48. Bg3 Rg2 49. Bb8 Ke6 50. Kxb5 Kd7 51. Kb6 Kc8 52. Be5 Rc2
53. b5 Rxc3 54. Bxc3 h2 55. f4 h1=Q 56. Be5 Qb7+ 57. Kc5 Kd7 58. Kb4 Ke6 59.
Kc3 Qc8+ 60. Kd4 Qc2 61. Bb8 Qf2+ 62. Kc4 Qb6 63. Be5 Qa7 64. Kb4 Kd5 65. Kc3
Qa5+ 66. Kd3 Qxb5+ 67. Ke3 Qb3+ 68. Kf2 Ke4 69. Kg2 Qf3+ 70. Kh2 Qg4 0-1